| 000 | 02194nam0a2200325 4500 | ||
|---|---|---|---|
| 001 | RU\NLR\BIBL_A\022314600 | ||
| 005 | 20260420014217.0 | ||
| 010 |
_a978-5-6051370-7-8 _9500 |
||
| 021 |
_aRU _bКН-П-24-043337 _9КН-П-24-4316 |
||
| 035 | _a(NLR Aleph) 022314600 | ||
| 090 |
_a13664550 _c13664550 |
||
| 100 | _a20240905d2024 u y0rusy50 ca | ||
| 101 | 0 | _arus | |
| 102 | _aRU | ||
| 105 | _aa|||j|||000yy | ||
| 181 | 0 |
_ai _baxxe |
|
| 182 | 0 | _an | |
| 200 | 1 |
_aОперационный менеджмент _eучебное пособие для обучающихся 2 курса образовательной программы бакалавриата направления подготовки 38.03.02 Менеджмент (профили: "Менеджмент непроизводственной сферы", "Управление малым бизнесом") всех форм обучения _fА. В. Кретова, А. О. Жукова _gМинистерство науки и высшего образования Российской Федерации, Федеральное государственное бюджетное образовательное учреждение высшего образования "Донецкая академия управления и государственной службы", Кафедра менеджмента непроизводственной сферы |
|
| 203 |
_aТекст _bвизуальный _cнепосредственный |
||
| 210 |
_aДонецк _cДОНАУИГС _cКриничная И. В. _d2024 |
||
| 215 |
_a251 с. _cил. _d21 |
||
| 320 | _aБиблиогр.: с. 241—251 | ||
| 606 | 1 |
_aМенеджмент производственный _jУчебные издания для высших учебных заведений _92111959 _3RU\NLR\AUTH\661276301 |
|
| 686 | 1 | _aУ21(0)25я73 | |
| 700 | 1 |
_aКретова _bА. В. _gАлина Викторовна |
|
| 701 | 1 |
_aЖукова _bА. О. _cканд. экон. наук _gАлеся Олеговна _92642301 _3RU\NLR\AUTH\770272383 |
|
| 942 | _cBOOK | ||
| 980 | _aNB | ||